[Event "World Chess Olympiad 2018"]
[Site "Batumi"]
[Date "2018.10.01"]
[Round "7"]
[Board "3"]
[WhiteFideId "15702391"]
[White "Tilahun Abel Mathewos"]
[BlackFideId "12600784"]
[Black "Ajavon Anthony Obieni"]
[Result "1-0"]
[LiveChessVersion "1.4.8"]
[BlackElo "1902"]
[WhiteElo "2015"]

1. d4 {[%clk 1:30:55]} d5 {[%clk 1:30:58]} 2. c4 {[%clk 1:31:16]} c6
{[%clk 1:31:06]} 3. Nf3 {[%clk 1:31:36]} Nf6 {[%clk 1:30:28]} 4. Nc3
{[%clk 1:31:59]} e6 {[%clk 1:28:42]} 5. e3 {[%clk 1:32:00]} Bd6 {[%clk 1:27:48]}
6. Bd3 {[%clk 1:32:10]} Nbd7 {[%clk 1:27:06]} 7. O-O {[%clk 1:32:18]} O-O
{[%clk 1:24:48]} 8. e4 {[%clk 1:32:00]} dxe4 {[%clk 1:19:02]} 9. Nxe4
{[%clk 1:32:15]} Nxe4 {[%clk 1:19:24]} 10. Bxe4 {[%clk 1:32:40]} Nf6
{[%clk 1:19:37]} 11. Bc2 {[%clk 1:32:33]} h6 {[%clk 1:13:02]} 12. b3
{[%clk 1:32:10]} b6 {[%clk 0:59:01]} 13. Bb2 {[%clk 1:32:30]} Bb7
{[%clk 0:54:24]} 14. Qd3 {[%clk 1:31:00]} Re8 {[%clk 0:47:22]} 15. Rae1
{[%clk 1:29:36]} g6 {[%clk 0:42:14]} 16. Ne5 {[%clk 1:26:41]} Qe7
{[%clk 0:35:45]} 17. Bc1 {[%clk 1:26:01]} Qf8 {[%clk 0:29:50]} 18. Qh3
{[%clk 1:17:05]} h5 {[%clk 0:24:25]} 19. Qf3 {[%clk 1:08:07]} Qg7
{[%clk 0:21:00]} 20. Bg5 {[%clk 1:03:06]} Nh7 {[%clk 0:19:31]} 21. Bc1
{[%clk 1:00:47]} Rac8 {[%clk 0:17:11]} 22. Re2 {[%clk 0:59:02]} Re7
{[%clk 0:13:05]} 23. Qh3 {[%clk 0:54:26]} Rd8 {[%clk 0:07:48]} 24. Bb2
{[%clk 0:52:11]} Nf6 {[%clk 0:07:15]} 25. Rfe1 {[%clk 0:51:13]} Bb4
{[%clk 0:06:07]} 26. Rd1 {[%clk 0:50:11]} Ree8 {[%clk 0:05:00]} 27. a3
{[%clk 0:48:56]} Bd6 {[%clk 0:05:07]} 28. Rde1 {[%clk 0:49:01]} Bxe5
{[%clk 0:04:12]} 29. Rxe5 {[%clk 0:48:33]} Ng4 {[%clk 0:03:50]} 30. R5e2
{[%clk 0:44:55]} c5 {[%clk 0:02:34]} 31. d5 {[%clk 0:34:50]} Qxb2
{[%clk 0:01:25]} 32. Bxg6 {[%clk 0:35:02]} 1-0

[Event "World Chess Olympiad 2018"]
[Site "Batumi"]
[Date "2018.10.01"]
[Round "7"]
[Board "4"]
[WhiteFideId "12600750"]
[White "Adu Jnr Lionel"]
[BlackFideId "10801839"]
[Black "Abera Aydagnuhem Gezachew"]
[Result "0-1"]
[LiveChessVersion "1.4.8"]
[BlackElo "2116"]
[WhiteElo "1896"]

1. g3 {[%clk 1:30:44]} d5 {[%clk 1:30:30]} 2. Bg2 {[%clk 1:31:08]} Nf6
{[%clk 1:30:24]} 3. c3 {[%clk 1:31:13]} c6 {[%clk 1:30:24]} 4. d4
{[%clk 1:31:19]} Bf5 {[%clk 1:29:32]} 5. Nf3 {[%clk 1:31:22]} Nbd7
{[%clk 1:28:40]} 6. O-O {[%clk 1:31:31]} e6 {[%clk 1:28:41]} 7. Bg5
{[%clk 1:31:57]} Be7 {[%clk 1:28:45]} 8. Nbd2 {[%clk 1:29:40]} h6
{[%clk 1:27:40]} 9. Bxf6 {[%clk 1:29:54]} Nxf6 {[%clk 1:27:39]} 10. Qb3
{[%clk 1:30:10]} Qb6 {[%clk 1:27:32]} 11. Qxb6 {[%clk 1:28:44]} axb6
{[%clk 1:27:55]} 12. Rfe1 {[%clk 1:29:06]} Ne4 {[%clk 1:26:02]} 13. Nxe4
{[%clk 1:27:03]} Bxe4 {[%clk 1:25:57]} 14. Ne5 {[%clk 1:27:03]} Bh7
{[%clk 1:24:02]} 15. e4 {[%clk 1:27:16]} f6 {[%clk 1:23:13]} 16. Nd3
{[%clk 1:27:16]} Kf7 {[%clk 1:22:37]} 17. Nf4 {[%clk 1:23:42]} g5
{[%clk 1:20:34]} 18. Nh3 {[%clk 1:23:19]} Bd6 {[%clk 1:18:24]} 19. f4
{[%clk 1:07:39]} Rhg8 {[%clk 1:14:11]} 20. f5 {[%clk 0:59:34]} dxe4
{[%clk 1:06:02]} 21. fxe6+ {[%clk 0:59:36]} Kxe6 {[%clk 1:05:47]} 22. Bxe4
{[%clk 0:58:36]} Bxe4 {[%clk 1:03:27]} 23. Rxe4+ {[%clk 0:59:02]} Kd5
{[%clk 1:03:27]} 24. Re2 {[%clk 0:56:31]} Rge8 {[%clk 1:03:07]} 25. Kf2
{[%clk 0:50:25]} b5 {[%clk 1:01:05]} 26. Rxe8 {[%clk 0:45:15]} Rxe8
{[%clk 1:01:27]} 27. Re1 {[%clk 0:44:51]} Rxe1 {[%clk 1:00:26]} 28. Kxe1
{[%clk 0:45:14]} f5 {[%clk 0:56:18]} 29. Ke2 {[%clk 0:44:00]} Kc4
{[%clk 0:54:13]} 30. Kd2 {[%clk 0:38:32]} f4 {[%clk 0:51:40]} 31. b3+
{[%clk 0:34:04]} Kd5 {[%clk 0:51:47]} 32. gxf4 {[%clk 0:34:31]} g4
{[%clk 0:51:47]} 33. Nf2 {[%clk 0:32:28]} Bxf4+ {[%clk 0:49:40]} 34. Kd3
{[%clk 0:32:57]} h5 {[%clk 0:49:30]} 35. Ne4 {[%clk 0:29:52]} Bxh2
{[%clk 0:48:14]} 36. Nf6+ {[%clk 0:29:31]} Ke6 {[%clk 0:48:29]} 37. Nxh5
{[%clk 0:28:28]} Kf5 {[%clk 0:48:43]} 38. Ng7+ {[%clk 0:21:34]} Kf6
{[%clk 0:48:34]} 39. Nh5+ {[%clk 0:11:52]} Kg6 {[%clk 0:48:44]} 40. c4
{[%clk 0:40:18]} Kxh5 {[%clk 1:18:51]} 41. d5 {[%clk 0:39:45]} g3
{[%clk 1:18:57]} 42. d6 {[%clk 0:40:09]} g2 {[%clk 1:19:03]} 0-1

[Event "World Chess Olympiad 2018"]
[Site "Batumi"]
[Date "2018.10.01"]
[Round "7"]
[Board "1"]
[WhiteFideId "13202340"]
[White "Lee Jun Hyeok"]
[BlackFideId "12100293"]
[Black "Nezad Husein Aziz"]
[Result "1-0"]
[LiveChessVersion "1.4.8"]
[BlackElo "2412"]
[WhiteElo "2263"]

1. e4 {[%clk 1:30:58]} e5 {[%clk 1:30:19]} 2. Nf3 {[%clk 1:31:15]} Nc6
{[%clk 1:30:39]} 3. Bc4 {[%clk 1:31:20]} Bc5 {[%clk 1:30:21]} 4. c3
{[%clk 1:30:54]} Nf6 {[%clk 1:30:44]} 5. d4 {[%clk 1:31:09]} exd4
{[%clk 1:30:59]} 6. e5 {[%clk 1:31:31]} d5 {[%clk 1:29:52]} 7. Be2
{[%clk 1:31:47]} Ne4 {[%clk 1:29:28]} 8. cxd4 {[%clk 1:32:11]} Bb6
{[%clk 1:29:13]} 9. Nc3 {[%clk 1:32:24]} O-O {[%clk 1:28:44]} 10. O-O
{[%clk 1:32:32]} Bg4 {[%clk 1:28:18]} 11. Be3 {[%clk 1:31:53]} f6
{[%clk 1:25:26]} 12. exf6 {[%clk 1:26:11]} Rxf6 {[%clk 1:25:30]} 13. Na4
{[%clk 1:24:02]} Qd6 {[%clk 1:16:52]} 14. Rc1 {[%clk 1:21:08]} Re8
{[%clk 0:48:33]} 15. a3 {[%clk 1:13:43]} Rfe6 {[%clk 0:41:09]} 16. Re1
{[%clk 1:07:54]} Qe7 {[%clk 0:30:58]} 17. Nxb6 {[%clk 1:05:55]} axb6
{[%clk 0:31:18]} 18. b4 {[%clk 0:30:10]} Kh8 {[%clk 0:25:27]} 19. b5
{[%clk 0:27:38]} Na5 {[%clk 0:25:39]} 20. Ne5 {[%clk 0:24:54]} Bxe2
{[%clk 0:26:00]} 21. Qxe2 {[%clk 0:24:46]} Nd6 {[%clk 0:24:54]} 22. f4
{[%clk 0:17:45]} Nac4 {[%clk 0:24:56]} 23. Qf3 {[%clk 0:16:58]} Nxe5
{[%clk 0:15:06]} 24. dxe5 {[%clk 0:16:41]} Nxb5 {[%clk 0:15:31]} 25. a4
{[%clk 0:14:53]} Na7 {[%clk 0:13:57]} 26. a5 {[%clk 0:10:44]} Nc6
{[%clk 0:13:35]} 27. axb6 {[%clk 0:11:06]} d4 {[%clk 0:13:58]} 28. Bf2
{[%clk 0:10:58]} cxb6 {[%clk 0:14:08]} 29. Qb3 {[%clk 0:10:24]} Qf7
{[%clk 0:08:58]} 30. Re4 {[%clk 0:07:57]} Qf5 {[%clk 0:07:26]} 31. Qf3
{[%clk 0:07:43]} h5 {[%clk 0:01:08]} 32. Bxd4 {[%clk 0:07:13]} Ne7
{[%clk 0:01:17]} 33. Bf2 {[%clk 0:05:49]} Ng6 {[%clk 0:00:35]} 34. Rb4
{[%clk 0:03:48]} Rf8 {[%clk 0:00:33]} 35. Be3 {[%clk 0:03:31]} Kg8
{[%clk 0:00:37]} 36. Qe4 {[%clk 0:03:04]} Qg4 {[%clk 0:00:33]} 37. Rf1
{[%clk 0:02:13]} Nh4 {[%clk 0:00:50]} 38. h3 {[%clk 0:01:30]} Qg3
{[%clk 0:01:06]} 39. Bf2 {[%clk 0:01:21]} Qc3 {[%clk 0:01:35]} 40. Bxh4
{[%clk 0:31:05]} 1-0

[Event "World Chess Olympiad 2018"]
[Site "Batumi"]
[Date "2018.10.01"]
[Round "7"]
[Board "2"]
[WhiteFideId "12101001"]
[White "Salih Al Hor"]
[BlackFideId "410969"]
[Black "Walker Martin G"]
[Result "0-1"]
[LiveChessVersion "1.4.8"]
[BlackElo "2078"]
[WhiteElo "1847"]

1. d4 {[%clk 1:29:17]} Nf6 {[%clk 1:30:54]} 2. Bf4 {[%clk 1:29:24]} g6
{[%clk 1:30:49]} 3. Nc3 {[%clk 1:27:55]} d5 {[%clk 1:30:40]} 4. e3
{[%clk 1:27:59]} Bg7 {[%clk 1:30:55]} 5. h4 {[%clk 1:27:57]} O-O {[%clk 1:26:40]}
6. h5 {[%clk 1:28:22]} c5 {[%clk 1:23:06]} 7. hxg6 {[%clk 1:21:19]} hxg6
{[%clk 1:23:30]} 8. Be2 {[%clk 1:14:36]} Qb6 {[%clk 1:09:07]} 9. Qd2
{[%clk 1:13:35]} cxd4 {[%clk 1:02:27]} 10. exd4 {[%clk 1:13:50]} Nc6
{[%clk 1:02:52]} 11. O-O-O {[%clk 1:13:25]} Ne4 {[%clk 0:51:04]} 12. Nxe4
{[%clk 1:11:52]} dxe4 {[%clk 0:51:29]} 13. c3 {[%clk 1:10:30]} Rd8
{[%clk 0:41:53]} 14. Bh6 {[%clk 1:09:07]} Bf6 {[%clk 0:41:50]} 15. Bc4
{[%clk 1:04:13]} Bg4 {[%clk 0:31:06]} 16. Qf4 {[%clk 0:58:07]} Bxd1
{[%clk 0:26:59]} 17. Bg7 {[%clk 0:54:45]} Bh5 {[%clk 0:25:42]} 18. Bxf6
{[%clk 0:43:44]} exf6 {[%clk 0:25:59]} 19. Qh6 {[%clk 0:35:25]} Qa5
{[%clk 0:22:11]} 20. d5 {[%clk 0:34:27]} Ne5 {[%clk 0:20:54]} 21. Be2
{[%clk 0:33:31]} Nd3+ {[%clk 0:20:49]} 22. Kb1 {[%clk 0:33:05]} Qxd5
{[%clk 0:18:27]} 23. Nh3 {[%clk 0:31:11]} Qb5 {[%clk 0:15:00]} 24. b3
{[%clk 0:31:03]} Qe5 {[%clk 0:12:22]} 25. Bxh5 {[%clk 0:28:23]} Qxc3
{[%clk 0:12:03]} 0-1

[Event "World Chess Olympiad 2018"]
[Site "Batumi"]
[Date "2018.10.01"]
[Round "7"]
[Board "3"]
[WhiteFideId "13200518"]
[White "Kim Saebyeok"]
[BlackFideId "12100986"]
[Black "Ghanem Al Shamari"]
[Result "1-0"]
[LiveChessVersion "1.4.8"]
[BlackElo "1840"]
[WhiteElo "1999"]

1. e4 {[%clk 1:30:55]} c5 {[%clk 1:30:57]} 2. Nf3 {[%clk 1:31:18]} e6
{[%clk 1:31:19]} 3. d4 {[%clk 1:31:44]} cxd4 {[%clk 1:31:45]} 4. Nxd4
{[%clk 1:32:06]} a6 {[%clk 1:32:12]} 5. c4 {[%clk 1:32:30]} b6 {[%clk 1:32:06]}
6. Nc3 {[%clk 1:32:48]} Bb7 {[%clk 1:32:29]} 7. Be2 {[%clk 1:32:50]} d6
{[%clk 1:32:29]} 8. Be3 {[%clk 1:32:55]} Nf6 {[%clk 1:32:49]} 9. f3
{[%clk 1:33:20]} Nbd7 {[%clk 1:33:06]} 10. Rc1 {[%clk 1:29:13]} Rc8
{[%clk 1:28:13]} 11. Qd2 {[%clk 1:28:18]} Be7 {[%clk 1:28:18]} 12. O-O
{[%clk 1:28:42]} O-O {[%clk 1:28:34]} 13. b4 {[%clk 1:28:35]} d5 {[%clk 1:21:06]}
14. cxd5 {[%clk 1:20:41]} exd5 {[%clk 1:13:55]} 15. Nxd5 {[%clk 1:18:19]} Nxd5
{[%clk 1:10:24]} 16. exd5 {[%clk 1:18:40]} Nf6 {[%clk 1:04:40]} 17. Nc6
{[%clk 0:59:55]} Qd6 {[%clk 0:58:35]} 18. Nxe7+ {[%clk 0:41:22]} Qxe7
{[%clk 0:59:00]} 19. Bxb6 {[%clk 0:41:43]} Nd7 {[%clk 0:27:39]} 20. d6
{[%clk 0:32:24]} Qe6 {[%clk 0:27:20]} 21. Bc7 {[%clk 0:32:04]} Nf6
{[%clk 0:26:10]} 22. Bc4 {[%clk 0:31:33]} Qd7 {[%clk 0:25:51]} 23. Rfd1
{[%clk 0:19:37]} Ne8 {[%clk 0:24:01]} 24. Bb6 {[%clk 0:15:29]} Kh8
{[%clk 0:20:18]} 25. Bc5 {[%clk 0:15:39]} f5 {[%clk 0:19:53]} 26. Re1
{[%clk 0:15:18]} Rf6 {[%clk 0:15:57]} 27. Re7 {[%clk 0:14:33]} Qd8
{[%clk 0:13:25]} 28. d7 {[%clk 0:13:12]} 1-0

[Event "World Chess Olympiad 2018"]
[Site "Batumi"]
[Date "2018.10.01"]
[Round "7"]
[Board "1"]
[WhiteFideId "5600618"]
[White "Zerafa Robert"]
[BlackFideId "19700261"]
[Black "Drayton Anthony"]
[Result "0-1"]
[LiveChessVersion "1.4.8"]
[BlackElo "2024"]
[WhiteElo "2085"]

1. e4 {[%clk 1:30:55]} c5 {[%clk 1:30:34]} 2. Nf3 {[%clk 1:31:04]} e6
{[%clk 1:30:49]} 3. d4 {[%clk 1:30:47]} cxd4 {[%clk 1:30:40]} 4. Nxd4
{[%clk 1:31:07]} Nf6 {[%clk 1:30:32]} 5. Bd3 {[%clk 1:30:14]} Nc6
{[%clk 1:30:36]} 6. Be3 {[%clk 1:25:58]} d5 {[%clk 1:26:18]} 7. Nxc6
{[%clk 1:14:50]} bxc6 {[%clk 1:26:41]} 8. e5 {[%clk 1:13:35]} Nd7
{[%clk 1:26:58]} 9. f4 {[%clk 1:12:45]} Nc5 {[%clk 1:21:05]} 10. Be2
{[%clk 1:08:25]} Qh4+ {[%clk 1:19:59]} 11. g3 {[%clk 0:59:19]} Qd8
{[%clk 1:20:08]} 12. O-O {[%clk 0:58:08]} Be7 {[%clk 1:18:48]} 13. c3
{[%clk 0:54:29]} O-O {[%clk 1:17:28]} 14. Nd2 {[%clk 0:50:21]} a5
{[%clk 1:14:48]} 15. b3 {[%clk 0:49:12]} Nd7 {[%clk 1:08:04]} 16. Nf3
{[%clk 0:43:39]} g6 {[%clk 1:02:02]} 17. Qd2 {[%clk 0:42:12]} c5 {[%clk 0:54:48]}
18. a3 {[%clk 0:40:01]} Ba6 {[%clk 0:43:54]} 19. Bxa6 {[%clk 0:33:07]} Rxa6
{[%clk 0:44:09]} 20. b4 {[%clk 0:32:55]} d4 {[%clk 0:32:51]} 21. cxd4
{[%clk 0:32:36]} cxb4 {[%clk 0:33:13]} 22. d5 {[%clk 0:32:19]} exd5
{[%clk 0:33:04]} 23. Qxd5 {[%clk 0:26:46]} bxa3 {[%clk 0:30:13]} 24. Rad1
{[%clk 0:21:13]} Nb8 {[%clk 0:25:33]} 25. Qb7 {[%clk 0:17:40]} Qe8
{[%clk 0:22:24]} 26. Ba7 {[%clk 0:13:13]} Rxa7 {[%clk 0:10:10]} 27. Qxa7
{[%clk 0:13:16]} Nc6 {[%clk 0:10:30]} 28. Qd7 {[%clk 0:12:16]} Qxd7
{[%clk 0:09:15]} 29. Rxd7 {[%clk 0:12:44]} Rb8 {[%clk 0:07:58]} 30. Ra1
{[%clk 0:08:08]} Rb2 {[%clk 0:06:35]} 31. Nd2 {[%clk 0:06:39]} Bc5+
{[%clk 0:06:24]} 32. Kf1 {[%clk 0:06:41]} Nd4 {[%clk 0:06:40]} 33. Nc4
{[%clk 0:04:53]} Rxh2 {[%clk 0:06:50]} 34. Rxa3 {[%clk 0:04:02]} Bxa3
{[%clk 0:06:58]} 35. Nxa3 {[%clk 0:03:13]} Nf5 {[%clk 0:06:26]} 36. Rd3
{[%clk 0:02:18]} Ra2 {[%clk 0:06:35]} 37. g4 {[%clk 0:01:58]} Nh6
{[%clk 0:06:12]} 38. g5 {[%clk 0:02:01]} Nf5 {[%clk 0:06:26]} 39. Ke1
{[%clk 0:02:19]} Kg7 {[%clk 0:06:06]} 40. Kf1 {[%clk 0:30:35]} h6
{[%clk 0:36:16]} 41. gxh6+ {[%clk 0:28:19]} Kxh6 {[%clk 0:36:28]} 42. Kg1
{[%clk 0:26:30]} Kh5 {[%clk 0:36:38]} 43. Nc4 {[%clk 0:26:47]} Kg4
{[%clk 0:35:12]} 44. Nd6 {[%clk 0:26:44]} Nh6 {[%clk 0:34:29]} 45. Rd4
{[%clk 0:07:44]} Kf3 {[%clk 0:34:45]} 46. Rd3+ {[%clk 0:06:06]} Kxf4
{[%clk 0:35:02]} 47. Nxf7 {[%clk 0:06:17]} Nxf7 {[%clk 0:33:49]} 48. e6
{[%clk 0:06:45]} Ng5 {[%clk 0:33:41]} 49. Re3 {[%clk 0:06:37]} Kxe3
{[%clk 0:33:28]} 0-1

[Event "World Chess Olympiad 2018"]
[Site "Batumi"]
[Date "2018.10.01"]
[Round "7"]
[Board "2"]
[WhiteFideId "19700024"]
[White "Khan Taffin"]
[BlackFideId "5600189"]
[Black "Pace Colin"]
[Result "0-1"]
[LiveChessVersion "1.4.8"]
[BlackElo "2132"]
[WhiteElo "1900"]

1. d4 {[%clk 1:30:55]} f5 {[%clk 1:30:38]} 2. Bg5 {[%clk 1:31:15]} h6
{[%clk 1:30:00]} 3. Bh4 {[%clk 1:31:25]} g5 {[%clk 1:30:23]} 4. Bg3
{[%clk 1:31:48]} d6 {[%clk 1:27:25]} 5. e3 {[%clk 1:32:10]} Nf6 {[%clk 1:27:46]}
6. Nc3 {[%clk 1:31:42]} Bg7 {[%clk 1:25:09]} 7. Bc4 {[%clk 1:30:46]} e6
{[%clk 1:21:04]} 8. f3 {[%clk 1:30:50]} Qe7 {[%clk 1:15:34]} 9. a3
{[%clk 1:26:27]} Nc6 {[%clk 1:13:17]} 10. Nge2 {[%clk 1:26:22]} Bd7
{[%clk 1:04:56]} 11. Qd2 {[%clk 1:26:32]} a6 {[%clk 1:00:11]} 12. Bd3
{[%clk 1:13:31]} Qf7 {[%clk 0:48:23]} 13. e4 {[%clk 1:10:14]} Nh5
{[%clk 0:41:40]} 14. Bf2 {[%clk 1:09:04]} Ne7 {[%clk 0:40:53]} 15. exf5
{[%clk 1:03:31]} exf5 {[%clk 0:40:49]} 16. f4 {[%clk 0:53:42]} g4
{[%clk 0:36:23]} 17. O-O {[%clk 0:46:46]} Nf6 {[%clk 0:31:46]} 18. Bh4
{[%clk 0:44:29]} O-O {[%clk 0:27:14]} 19. Ng3 {[%clk 0:27:47]} d5
{[%clk 0:24:47]} 20. Bxf6 {[%clk 0:25:20]} Bxf6 {[%clk 0:25:09]} 21. Nce2
{[%clk 0:25:26]} h5 {[%clk 0:24:50]} 22. Rfd1 {[%clk 0:23:47]} Rae8
{[%clk 0:23:40]} 23. c3 {[%clk 0:23:47]} h4 {[%clk 0:23:15]} 24. Nf1
{[%clk 0:23:44]} Nc8 {[%clk 0:23:35]} 25. Ne3 {[%clk 0:17:40]} Nd6
{[%clk 0:23:53]} 26. Re1 {[%clk 0:17:57]} Ne4 {[%clk 0:22:59]} 27. Bxe4
{[%clk 0:17:26]} Rxe4 {[%clk 0:23:24]} 28. Nc1 {[%clk 0:16:18]} g3
{[%clk 0:21:40]} 29. h3 {[%clk 0:09:33]} Rxf4 {[%clk 0:17:24]} 30. Nd3
{[%clk 0:08:36]} Re4 {[%clk 0:17:43]} 31. Nc5 {[%clk 0:08:58]} Ree8
{[%clk 0:16:57]} 32. Qd3 {[%clk 0:07:08]} Bg5 {[%clk 0:16:36]} 33. Nxd7
{[%clk 0:06:03]} Qxd7 {[%clk 0:16:53]} 34. Nc2 {[%clk 0:06:23]} Re4
{[%clk 0:16:57]} 35. Rf1 {[%clk 0:05:13]} Qe7 {[%clk 0:11:10]} 36. Rf3
{[%clk 0:03:45]} Qe6 {[%clk 0:07:40]} 37. Raf1 {[%clk 0:04:00]} c6
{[%clk 0:07:01]} 38. b4 {[%clk 0:04:05]} Kg7 {[%clk 0:06:20]} 39. a4
{[%clk 0:03:49]} Kg6 {[%clk 0:04:25]} 40. a5 {[%clk 0:34:09]} Rf7
{[%clk 0:33:16]} 41. Rb1 {[%clk 0:32:20]} Re2 {[%clk 0:28:55]} 42. Rd1
{[%clk 0:32:43]} Qe4 {[%clk 0:27:42]} 43. Na3 {[%clk 0:27:25]} Be3+
{[%clk 0:23:04]} 44. Kf1 {[%clk 0:26:33]} Rf2+ {[%clk 0:22:31]} 45. Rxf2
{[%clk 0:26:29]} Bxf2 {[%clk 0:22:50]} 46. Nc2 {[%clk 0:26:06]} Re7
{[%clk 0:22:04]} 47. Qd2 {[%clk 0:25:09]} f4 {[%clk 0:22:07]} 48. Qd3
{[%clk 0:24:13]} Kg5 {[%clk 0:20:20]} 49. Qf3 {[%clk 0:21:35]} Qxc2
{[%clk 0:14:47]} 50. Qg4+ {[%clk 0:21:55]} Kf6 {[%clk 0:15:04]} 51. Qxh4+
{[%clk 0:18:47]} Ke6 {[%clk 0:14:33]} 52. Qg4+ {[%clk 0:19:09]} Kd6
{[%clk 0:13:27]} 53. Qxf4+ {[%clk 0:19:29]} Kd7 {[%clk 0:13:51]} 54. Qg4+
{[%clk 0:19:26]} Kd8 {[%clk 0:13:56]} 55. Qf3 {[%clk 0:15:38]} Qe4
{[%clk 0:14:05]} 56. Qxe4 {[%clk 0:14:46]} Rxe4 {[%clk 0:14:33]} 57. Rb1
{[%clk 0:14:56]} Re3 {[%clk 0:14:52]} 58. Rc1 {[%clk 0:15:18]} Ke7
{[%clk 0:15:03]} 59. Rd1 {[%clk 0:14:40]} Kf6 0-1

[Event "World Chess Olympiad 2018"]
[Site "Batumi"]
[Date "2018.10.01"]
[Round "7"]
[Board "3"]
[WhiteFideId "5601061"]
[White "Darmanin Jake"]
[BlackFideId "19700083"]
[Black "Nathoo Loris"]
[Result "1-0"]
[LiveChessVersion "1.4.8"]
[BlackElo "1665"]
[WhiteElo "2069"]

1. e4 {[%clk 1:30:55]} e5 {[%clk 1:30:55]} 2. Nf3 {[%clk 1:31:17]} Nc6
{[%clk 1:31:20]} 3. Bb5 {[%clk 1:31:40]} a6 {[%clk 1:31:44]} 4. Ba4
{[%clk 1:32:05]} Nf6 {[%clk 1:26:38]} 5. O-O {[%clk 1:32:22]} d6 {[%clk 1:21:04]}
6. Re1 {[%clk 1:30:42]} b5 {[%clk 1:18:27]} 7. Bb3 {[%clk 1:31:04]} Bg4
{[%clk 1:18:27]} 8. c3 {[%clk 1:30:02]} Na5 {[%clk 1:14:40]} 9. Bc2
{[%clk 1:30:00]} c5 {[%clk 1:11:29]} 10. d3 {[%clk 1:28:19]} h6 {[%clk 1:10:04]}
11. Nbd2 {[%clk 1:27:18]} Qc7 {[%clk 1:08:28]} 12. Nf1 {[%clk 1:26:06]} Rc8
{[%clk 1:05:13]} 13. h3 {[%clk 1:21:39]} Bd7 {[%clk 1:02:52]} 14. Bd2
{[%clk 1:15:07]} Be7 {[%clk 0:55:36]} 15. Ne3 {[%clk 1:12:04]} Nc6
{[%clk 0:47:55]} 16. Rc1 {[%clk 1:06:55]} Nd8 {[%clk 0:43:19]} 17. d4
{[%clk 0:58:43]} O-O {[%clk 0:38:15]} 18. dxe5 {[%clk 0:54:56]} dxe5
{[%clk 0:38:37]} 19. a4 {[%clk 0:52:13]} Bd6 {[%clk 0:34:09]} 20. Nh4
{[%clk 0:49:31]} Re8 {[%clk 0:24:50]} 21. Nhf5 {[%clk 0:47:42]} Bf8
{[%clk 0:24:29]} 22. Qf3 {[%clk 0:45:24]} Bc6 {[%clk 0:14:38]} 23. axb5
{[%clk 0:44:20]} axb5 {[%clk 0:14:56]} 24. Nxh6+ {[%clk 0:44:25]} gxh6
{[%clk 0:14:12]} 25. Qxf6 {[%clk 0:44:42]} Re6 {[%clk 0:13:50]} 26. Qf3
{[%clk 0:42:54]} Qb7 {[%clk 0:10:32]} 27. Nf5 {[%clk 0:39:12]} Rf6
{[%clk 0:08:54]} 28. Qg3+ {[%clk 0:37:25]} Rg6 {[%clk 0:07:19]} 29. Qxe5
{[%clk 0:36:49]} Ne6 {[%clk 0:06:47]} 30. Qh2 {[%clk 0:31:47]} Ng5
{[%clk 0:06:36]} 31. Bxg5 {[%clk 0:31:10]} Rxg5 {[%clk 0:06:44]} 32. Rcd1
{[%clk 0:29:20]} Re8 {[%clk 0:05:22]} 33. Qf4 {[%clk 0:27:59]} Bd7
{[%clk 0:03:56]} 34. h4 {[%clk 0:25:53]} Rg6 {[%clk 0:03:52]} 35. Rd3
{[%clk 0:24:08]} Ree6 {[%clk 0:03:14]} 36. Rg3 {[%clk 0:22:54]} Bc6
{[%clk 0:01:59]} 37. h5 {[%clk 0:20:59]} Rxg3 {[%clk 0:01:58]} 38. Qxg3+
{[%clk 0:21:14]} Kh8 {[%clk 0:02:15]} 39. Qf4 {[%clk 0:19:59]} c4
{[%clk 0:01:45]} 40. Nd4 {[%clk 0:45:56]} Re8 {[%clk 0:30:51]} 41. Qf6+
{[%clk 0:42:49]} Bg7 {[%clk 0:28:08]} 42. Qxc6 {[%clk 0:39:19]} Qb8
{[%clk 0:28:15]} 43. e5 {[%clk 0:36:46]} Qd8 {[%clk 0:22:26]} 44. Qe4
{[%clk 0:35:48]} Kg8 {[%clk 0:22:45]} 45. Qh7+ {[%clk 0:34:28]} Kf8
{[%clk 0:23:06]} 46. Nf5 {[%clk 0:34:43]} Qg5 {[%clk 0:22:24]} 47. f4
{[%clk 0:34:37]} 1-0

[Event "World Chess Olympiad 2018"]
[Site "Batumi"]
[Date "2018.10.01"]
[Round "7"]
[Board "4"]
[WhiteFideId "19700130"]
[White "Corlette Glenford"]
[BlackFideId "5600359"]
[Black "Psaila Clarence"]
[Result "0-1"]
[LiveChessVersion "1.4.8"]
[BlackElo "2002"]
[WhiteElo "1653"]

1. e4 {[%clk 1:30:48]} e6 {[%clk 1:31:00]} 2. d4 {[%clk 1:30:47]} d5
{[%clk 1:31:26]} 3. exd5 {[%clk 1:30:59]} exd5 {[%clk 1:31:53]} 4. Nf3
{[%clk 1:31:07]} Bd6 {[%clk 1:32:20]} 5. c4 {[%clk 1:29:46]} dxc4
{[%clk 1:32:31]} 6. Nc3 {[%clk 1:29:04]} Nf6 {[%clk 1:32:35]} 7. Bxc4
{[%clk 1:27:38]} Nc6 {[%clk 1:32:32]} 8. Bg5 {[%clk 1:23:05]} Bg4
{[%clk 1:32:24]} 9. Be2 {[%clk 1:13:42]} h6 {[%clk 1:19:23]} 10. Be3
{[%clk 1:10:19]} O-O {[%clk 1:19:05]} 11. h3 {[%clk 1:08:07]} Be6
{[%clk 1:12:32]} 12. Qd2 {[%clk 1:02:43]} Nb4 {[%clk 1:01:54]} 13. a3
{[%clk 0:53:52]} Nbd5 {[%clk 1:01:45]} 14. Bd3 {[%clk 0:45:55]} Nxe3
{[%clk 1:00:22]} 15. fxe3 {[%clk 0:45:01]} Bg3+ {[%clk 0:59:12]} 16. Ke2
{[%clk 0:41:23]} Re8 {[%clk 0:53:55]} 17. Rhc1 {[%clk 0:38:26]} Bd5
{[%clk 0:48:42]} 18. Nxd5 {[%clk 0:33:36]} Nxd5 {[%clk 0:49:05]} 19. e4
{[%clk 0:33:55]} Bf4 {[%clk 0:48:35]} 20. Qc2 {[%clk 0:31:51]} Bxc1
{[%clk 0:48:43]} 21. Rxc1 {[%clk 0:31:56]} Nf4+ {[%clk 0:48:54]} 22. Kf1
{[%clk 0:31:58]} Nxd3 {[%clk 0:48:34]} 23. Qxd3 {[%clk 0:32:12]} c6
{[%clk 0:48:11]} 24. b4 {[%clk 0:29:04]} Qb6 {[%clk 0:44:56]} 25. Rc5
{[%clk 0:26:05]} a5 {[%clk 0:42:39]} 26. b5 {[%clk 0:21:12]} cxb5
{[%clk 0:42:30]} 27. Rxb5 {[%clk 0:17:18]} Qa6 {[%clk 0:40:34]} 28. a4
{[%clk 0:17:19]} Rac8 {[%clk 0:39:56]} 29. d5 {[%clk 0:16:02]} Rc1+
{[%clk 0:27:04]} 30. Kf2 {[%clk 0:15:44]} Qg6 {[%clk 0:17:17]} 31. d6
{[%clk 0:13:59]} Rd8 {[%clk 0:07:55]} 32. Qd2 {[%clk 0:10:52]} Rc6
{[%clk 0:07:04]} 33. d7 {[%clk 0:10:08]} Qxe4 {[%clk 0:06:45]} 34. Kg1
{[%clk 0:09:39]} Rc7 {[%clk 0:05:26]} 35. Re5 {[%clk 0:08:33]} Qb1+
{[%clk 0:05:05]} 36. Kh2 {[%clk 0:05:26]} Rcxd7 {[%clk 0:05:04]} 37. Qxa5
{[%clk 0:05:20]} Rd1 {[%clk 0:04:56]} 38. Qc7 {[%clk 0:04:49]} Rh1+
{[%clk 0:05:02]} 39. Kg3 {[%clk 0:05:04]} Rhd1 {[%clk 0:03:24]} 0-1